[Event "Let's Play Chess!"]
[Site "http://www.queenalice.com/game.php?id=260810"]
[Date "2007.8.24"]
[Round "-"]
[White "caduzao"]
[Black "Abstro"]
[Result "0-1"]
[WhiteElo "1100"]
[BlackElo "1469"]

1. e4 e6 2. Qf3 Nc6 3. Nh3 Nf6 4. Ng5 Ne5 5. Qf4 Bd6 6. h4 Nd3+ 7. cxd3 Bxf4 8.
Nc3 d5 9. exd5 Nxd5 10. Nxd5 Qxd5 11. g3 Bxg5 12. hxg5 Qxh1 13. d4 O-O 14. d3 e5
15. dxe5 Bh3 16. Ke2 Qxf1+ 17. Kf3 Qxd3+ 18. Be3 Rfe8 19. Re1 Rxe5 20. g6 Rf5#
0-1

[Event "AUTO-OPEN-802"]
[Site "http://www.queenalice.com/game.php?id=260977"]
[Date "2007.8.25"]
[Round "1"]
[White "caduzao"]
[Black "rxk"]
[Result "0-1"]
[WhiteElo "1260"]
[BlackElo "1830"]

1. e3 Nf6 2. Qf3 Nc6 3. g4 Ne5 4. Qf4 Nexg4 5. h3 Nh6 6. b3 Nd5 7. Qg5 Nb4 8.
Na3 e6 9. Qxd8+ Kxd8 10. c3 Nc6 11. Bb5 Ne5 12. Nc4 Nd3+ 13. Kf1 d5 14. Nb2 Ne5
15. c4 c6 16. d4 Ng6 17. Ba4 Bd6 18. a3 Nh4 19. c5 Bc7 20. b4 e5 21. dxe5 Bxe5
22. f4 Bc3 23. Ne2 Bf6 24. b5 N6f5 25. bxc6 Bxb2 26. Bxb2 Nxe3+ 27. Kf2 Nef5 28.
cxb7 Bxb7 29. c6 Ba6 30. Be5 Bxe2 31. c7+ Ke7 32. Rhc1 Ba6 33. Rc6 Ng6 34. Bc3
Bc8 35. Bb4+ Kd7 36. Rcc1+ Ke6 37. Rc6+ Kd7 38. Rxg6+ Kxc7 39. Rc1+ Kd8 40. Rg5
g6 41. Rd1 Bb7 42. Ba5+ Ke7 43. Re1+ Kf8 44. Rb1 Ba6 45. Bb4+ Kg7 46. Bc2 Bc8
47. Bxf5 Bxf5 48. Rd1 Rad8 49. h4 Rhe8 50. h5 d4 51. Rh1 Re4 52. Kg3 h6 53. hxg6
hxg5 54. fxg5 Bxg6 55. Kf3 Re3+ 56. Kf2 Rd5 57. Bd2 Rxa3 58. Rd1 Ra2 59. Ke1
Re5+ 60. Kf1 Bd3+ 61. Kg1 Re2 62. Bf4 Be4 63. Be5+ Kg6 64. Rxd4 Ra1+ 0-1

[Event "AUTO-OPEN-802"]
[Site "http://www.queenalice.com/game.php?id=260978"]
[Date "2007.8.25"]
[Round "1"]
[White "rxk"]
[Black "caduzao"]
[Result "1-0"]
[WhiteElo "1808"]
[BlackElo "1284"]

1. d4 e6 2. c4 d5 3. Nc3 dxc4 4. e4 c5 5. d5 exd5 6. Nxd5 Nc6 7. Bxc4 a6 8. Qf3
Nd4 9. Qd3 b5 10. Bb3 Be6 11. Be3 Qa5+ 12. Bd2 c4 13. Qxd4 b4 14. Bxc4 Bxd5 15.
Bxd5 Bc5 16. Qe5+ Be7 17. Bxf7+ Kxf7 18. Qxa5 Nf6 19. f3 g5 20. Ne2 g4 21. e5
Nd7 22. Qd5+ Kg7 23. Qxd7 Kf7 24. e6+ Kf8 25. Bh6+ Kg8 26. Qxe7 Rf8 27. Qg7# 1-0

[Event "AUTO-OPEN-802"]
[Site "http://www.queenalice.com/game.php?id=260979"]
[Date "2007.8.25"]
[Round "1"]
[White "caduzao"]
[Black "schwam"]
[Result "0-1"]
[WhiteElo "1090"]
[BlackElo "1859"]

1. e3 e5 2. Qf3 Nf6 3. d4 e4 4. Qf4 Bd6 5. Qg5 g6 6. f3 h6 7. Qh4 g5 8. Qxe4+
Nxe4 9. fxe4 Bb4+ 10. Bd2 Bxd2+ 11. Nxd2 Nc6 12. d5 Ne5 13. b3 d6 14. Nc4 Nxc4
15. Bxc4 f5 16. exf5 Bxf5 17. Bd3 Bxd3 18. cxd3 Rf8 19. O-O-O Qf6 20. Nh3 Qc3+
21. Kb1 g4 22. Rc1 Qxd3+ 23. Ka1 gxh3 24. gxh3 O-O-O 25. Rhe1 Rf2 26. Rcd1 Qc3+
27. Kb1 Qb2# 0-1

[Event "AUTO-OPEN-802"]
[Site "http://www.queenalice.com/game.php?id=260980"]
[Date "2007.8.25"]
[Round "1"]
[White "schwam"]
[Black "caduzao"]
[Result "1-0"]
[WhiteElo "1857"]
[BlackElo "1090"]

1. d4 e6 2. c4 Qf6 3. e4 c6 4. e5 Qf5 5. Bd3 Bb4+ 6. Nc3 Bxc3+ 7. bxc3 Qxd3 8.
Qxd3 d5 9. exd6 Nf6 10. Nf3 O-O 11. Bg5 Nh5 12. Be7 Nf4 13. Qe4 Nxg2+ 14. Kf1
Re8 15. Kxg2 f5 16. Qh4 Nd7 17. Ng5 e5 18. Qxh7# 1-0

[Event "Let's Play Chess!"]
[Site "http://www.queenalice.com/game.php?id=262427"]
[Date "2007.8.28"]
[Round "-"]
[White "caduzao"]
[Black "spawnwolfwolverine"]
[Result "1-0"]
[WhiteElo "1090"]
[BlackElo "1691"]

1. e4 e5 2. Nf3 d6 3. d4 Bg4 4. dxe5 Bxf3 5. Qxf3 dxe5 6. h4 Nc6 7. Bg5 f6 8.
Be3 Qd7 9. g4 O-O-O 10. g5 Bb4+ 11. c3 Ba5 12. b4 Bb6 13. gxf6 Bxe3 14. Bh3
Bxf2+ 15. Qxf2 Qxh3 16. Rxh3 Nxf6 17. Qf5+ Kb8 18. Nd2 Rhf8 19. O-O-O g6 20. Qe6
Nh5 21. Nc4 Nf4 22. Qg4 Nxh3 23. Rxd8+ Nxd8 24. Qxh3 Rf4 25. Qd7 Rf1+ 26. Kb2
Rf2+ 27. Nd2 Rf8 28. Nc4 a6 29. Nxe5 c6 30. Qd6+ Ka7 31. Qxf8 Ne6 32. Qf7 Nf4
33. Qxf4 h5 34. Nxg6 a5 35. bxa5 Ka6 36. Qg5 b5 37. Qxh5 Kxa5 38. Qc5 Ka6 39.
Qxc6+ Ka5 40. Qa8+ Kb6 41. e5 b4 42. e6 bxc3+ 43. Kc2 Kc5 44. e7 Kd4 45. e8=Q
Kc4 46. Qac8+ Kd5 47. Qed7+ Ke4 48. Qce8+ Kf3 49. Nh8 Kf4 50. Qdf7+ Kg4 51.
Qeg8+ Kh3 52. Qfg7 Kxh4 53. Q7h7# 1-0

[Event "Desafiament / Desafío"]
[Site "http://www.queenalice.com/game.php?id=262502"]
[Date "2007.8.28"]
[Round "-"]
[White "caduzao"]
[Black "CER"]
[Result "1-0"]
[WhiteElo "1216"]
[BlackElo "1490"]

1. Nf3 Nf6 2. d3 d5 3. Nc3 c5 4. d4 Nc6 5. dxc5 d4 6. Na4 Qa5+ 7. c3 b5 8. b4
Qxa4 9. Qxa4 bxa4 10. cxd4 Nxb4 11. Rb1 Rb8 12. Kd1 Ne4 13. a3 Nxf2+ 14. Ke1
Nbd3+ 15. exd3 1-0

[Event "AUTO-BEG-133"]
[Site "http://www.queenalice.com/game.php?id=263083"]
[Date "2007.8.29"]
[Round "1"]
[White "cbaroni"]
[Black "caduzao"]
[Result "0-1"]
[WhiteElo "1248"]
[BlackElo "1284"]

1. e4 e5 2. Bc4 Bc5 3. Qh5 Nh6 4. Qxe5+ Kf8 5. Qxc5+ d6 6. Qe3 Qf6 7. Qf3 Qxf3
8. gxf3 Bd7 9. Nh3 a6 10. d3 b5 11. Bd5 c6 12. Bb3 a5 13. c4 a4 14. Bd1 bxc4 15.
dxc4 d5 16. cxd5 cxd5 17. exd5 Bxh3 18. d6 Nc6 19. a3 Re8+ 20. Be2 Nd4 21. Nc3
Nhf5 22. d7 Rd8 23. Nxa4 Rxd7 24. Nc5 Re7 25. Ne4 Nc2+ 26. Kd1 Nxa1 27. Bg5 Rd7+
28. Nd2 Nd4 29. Bb5 Rd5 30. f4 Rxb5 31. Ne4 Bg4+ 32. Kd2 Nf3+ 33. Kc3 Rb3+ 34.
Kc4 Be6+ 35. Kc5 f6 36. Rxa1 fxg5 37. fxg5 Kf7 38. Rd1 Rc8+ 39. Kd6 Rb6# 0-1

[Event "AUTO-BEG-133"]
[Site "http://www.queenalice.com/game.php?id=263084"]
[Date "2007.8.29"]
[Round "1"]
[White "caduzao"]
[Black "cbaroni"]
[Result "0-1"]
[WhiteElo "1291"]
[BlackElo "1283"]

1. e4 e5 2. Qf3 Qf6 3. Qxf6 gxf6 4. g3 Bc5 5. f4 Bxg1 6. Rxg1 exf4 7. gxf4 Ne7
8. e5 fxe5 9. fxe5 Nec6 10. Nc3 Nxe5 11. Nd5 Kd8 12. d3 Nf3+ 13. Kf2 Nxg1 14.
Kxg1 Na6 15. b4 c6 16. Bg5+ Ke8 17. Nf6+ Kf8 18. c3 h6 19. Bh4 h5 20. Re1 Kg7
21. Ne4 f5 22. Nd6 Kg6 23. Nxc8 Raxc8 24. Re7 Rhe8 25. Rxe8 Rxe8 26. d4 d5 27.
a3 Re4 28. Bf2 b6 29. c4 dxc4 30. Bxc4 Nc7 31. a4 b5 32. axb5 cxb5 33. Bd3 Re6
34. h4 Ra6 35. Kh2 Ra3 36. Bc2 Nd5 37. Kg2 Nxb4 38. Bd1 Ra1 39. Be2 a5 40. Bxb5
a4 41. Bc4 a3 0-1

[Event "AUTO-BEG-133"]
[Site "http://www.queenalice.com/game.php?id=263095"]
[Date "2007.8.29"]
[Round "1"]
[White "alecarbar"]
[Black "caduzao"]
[Result "0-1"]
[WhiteElo "1270"]
[BlackElo "1265"]

1. e4 e6 2. Nf3 Qf6 3. Bc4 c6 4. d3 d5 5. exd5 cxd5 6. Bb5+ Bd7 7. Bxd7+ Nxd7 8.
Ng5 Bc5 9. Qf3 Ne5 10. Qxf6 Nxf6 11. Bf4 Neg4 12. f3 Nf2 13. Rf1 O-O 14. Bg3
N2g4 15. fxg4 Nxg4 16. a3 h6 17. Nf3 f5 18. b4 Bb6 19. h3 Ne3 20. Rh1 Nxc2+ 21.
Kd2 Nxa1 22. Bd6 Rfd8 23. Be7 Nb3+ 24. Kc3 Na1 25. Bxd8 Rc8+ 26. Kd2 Rc2+ 27.
Kd1 Bxd8 28. Ne1 Rb2 29. Nc3 a5 30. Kc1 Rb3 31. Kd2 axb4 32. axb4 Rxb4 33. Nc2
Nxc2 34. Kxc2 Bf6 35. Na2 Rb2+ 0-1

[Event "AUTO-BEG-133"]
[Site "http://www.queenalice.com/game.php?id=263096"]
[Date "2007.8.29"]
[Round "1"]
[White "caduzao"]
[Black "alecarbar"]
[Result "1-0"]
[WhiteElo "1258"]
[BlackElo "1285"]

1. e3 e6 2. Qf3 Qf6 3. Nh3 Qxf3 4. gxf3 d5 5. e4 dxe4 6. fxe4 Bb4 7. c3 Bc5 8.
d4 Bd6 9. e5 Be7 10. Bg5 Bxg5 11. Nxg5 Nh6 12. Na3 O-O 13. Nb5 Na6 14. c4 c6 15.
Nd6 f6 16. exf6 gxf6 17. Nxc8 Raxc8 18. Nxe6 Rfe8 19. d5 cxd5 20. cxd5 Rc2 21.
b3 Kf7 22. Bc4 Ng4 23. O-O b6 24. Rac1 Rxc1 25. Rxc1 Nb4 26. d6 Nc6 27. Nc7+ Kf8
28. Nxe8 Kxe8 29. Be6 Nce5 30. Rc8# 1-0

[Event "AUTO-BEG-133"]
[Site "http://www.queenalice.com/game.php?id=263103"]
[Date "2007.8.29"]
[Round "1"]
[White "caduzao"]
[Black "fbdaniel"]
[Result "0-1"]
[WhiteElo "1201"]
[BlackElo "1280"]

1. e3 Nh6 2. Qf3 e6 3. g4 Nc6 4. g5 Ne5 5. Qg2 Nf5 6. f4 Nh4 7. Qf2 Neg6 8. Bd3
f6 9. Bxg6+ hxg6 10. Qxh4 Rxh4 11. gxf6 gxf6 12. e4 d5 13. exd5 Qxd5 14. Nf3
Qxf3 15. Rf1 Qe4+ 16. Kd1 Rxh2 17. d3 Qe2# 0-1

[Event "AUTO-BEG-133"]
[Site "http://www.queenalice.com/game.php?id=263104"]
[Date "2007.8.29"]
[Round "1"]
[White "fbdaniel"]
[Black "caduzao"]
[Result "1-0"]
[WhiteElo "1357"]
[BlackElo "1282"]

1. e3 e6 2. Nf3 d5 3. Ne5 Qf6 4. d4 c5 5. Bb5+ Bd7 6. Ng4 Qd8 7. Bd3 cxd4 8. Qf3
dxe3 9. Ne5 f6 10. Qh5+ Ke7 11. Ng6+ Kd6 12. Nxh8 Be8 13. Nf7+ Bxf7 14. Qxf7 Be7
15. Qxg7 exf2+ 16. Kxf2 Nc6 17. Re1 Qb6+ 18. Be3 d4 19. Bd2 Ne5 20. Qg3 Kd7 21.
a4 Nxd3+ 22. cxd3 Bb4 23. Bxb4 Qxb4 24. Qg7+ Kd6 25. Qg3+ e5 26. Na3 Qxb2+ 27.
Kf1 Rc8 28. Nc4+ Rxc4 29. dxc4 a6 30. Qxg8 b5 31. Qd8+ Ke6 32. axb5 axb5 33.
Ra6+ Kf5 34. Qxf6+ Kg4 35. Re4+ Kh5 36. Qh4# 1-0

[Event "AUTO-INT-636"]
[Site "http://www.queenalice.com/game.php?id=280285"]
[Date "2007.10.2"]
[Round "1"]
[White "caduzao"]
[Black "woman"]
[Result "1-0"]
[WhiteElo "1258"]
[BlackElo "1329"]

1. e3 e5 2. Qf3 d5 3. c4 e4 4. Qf4 Nc6 5. cxd5 Qxd5 6. b3 Nb4 7. Bc4 Nd3+ 8.
Bxd3 Qxd3 9. Nc3 Bb4 10. Qe5+ Kf8 11. Nh3 Bxh3 12. gxh3 Rd8 13. Rg1 f6 14. Qxc7
Bxc3 15. Qxc3 Qxc3 16. dxc3 Nh6 17. Bd2 Nf5 18. O-O-O Nh4 19. Rg4 Nf3 20. c4
Nxh2 21. Rg2 Nf3 22. Bb4+ Kf7 23. Rxd8 Rxd8 24. Rg4 f5 25. Rf4 1-0

[Event "AUTO-INT-636"]
[Site "http://www.queenalice.com/game.php?id=280286"]
[Date "2007.10.2"]
[Round "1"]
[White "woman"]
[Black "caduzao"]
[Result "1-0"]
[WhiteElo "1557"]
[BlackElo "1268"]

1. e4 e5 2. Bc4 b6 3. Qf3 Nh6 4. d4 Qf6 5. Bxh6 gxh6 6. Qxf6 Rg8 7. Qxf7+ Kd8 8.
Qxg8 Ke8 9. Bf7+ Ke7 10. Qxh7 Ba6 11. Bd5+ Kd8 12. Bxa8 Nc6 13. Bxc6 1-0

[Event "AUTO-INT-636"]
[Site "http://www.queenalice.com/game.php?id=280287"]
[Date "2007.10.2"]
[Round "1"]
[White "caduzao"]
[Black "welton"]
[Result "0-1"]
[WhiteElo "1264"]
[BlackElo "1576"]

1. h4 e5 2. e3 d5 3. c4 Nf6 4. cxd5 Nxd5 5. Qf3 Nb4 6. Bc4 f6 7. Na3 h5 8. d4
N8c6 9. Qxh5+ Rxh5 10. Bd2 exd4 11. O-O-O Nd3+ 12. Kc2 Nxf2 13. Nh3 Nxh1 14. Nf4
Rxh4 15. Ng6 Rg4 16. Nxf8 Bf5+ 17. Bd3 Bxd3+ 18. Kxd3 Nf2+ 19. Ke2 Nxd1 20. Kxd1
Kxf8 0-1

[Event "AUTO-INT-636"]
[Site "http://www.queenalice.com/game.php?id=280288"]
[Date "2007.10.2"]
[Round "1"]
[White "welton"]
[Black "caduzao"]
[Result "1-0"]
[WhiteElo "1435"]
[BlackElo "1277"]

1. e4 e5 2. Bc4 b6 3. Qf3 Nh6 4. d4 Na6 5. Bxh6 Qf6 6. Qxf6 gxf6 7. Bxf8 Rxf8 8.
Bxa6 Bxa6 9. dxe5 fxe5 10. Nf3 d6 11. Nc3 Rg8 12. Nd5 Rxg2 13. Nxc7+ Kd8 14.
Nxa8 Bb7 15. Rg1 Rxg1+ 16. Nxg1 Bxa8 17. O-O-O Bxe4 18. Rxd6+ Ke7 19. Rc6 Bxc6
20. c4 b5 21. cxb5 Bxb5 22. Nf3 e4 23. Nd4 Bc4 24. b3 Bd5 25. b4 Kd7 26. Kd2 Kd6
27. Nb5+ Ke7 28. Nxa7 f5 29. a4 f4 30. b5 Kf6 31. a5 Kg5 32. a6 Kg4 33. b6 Kf3
34. b7 e3+ 35. fxe3 fxe3+ 36. Ke1 1-0

[Event "AUTO-INT-636"]
[Site "http://www.queenalice.com/game.php?id=280289"]
[Date "2007.10.2"]
[Round "1"]
[White "caduzao"]
[Black "mattbel"]
[Result "0-1"]
[WhiteElo "1297"]
[BlackElo "1544"]

1. e3 e5 2. Qf3 d6 3. Nh3 Be6 4. Ng5 Qxg5 5. h4 Qe7 6. Qxb7 Qd8 7. Qxa8 Nc6 8.
Qxc6+ Bd7 9. Qf3 c6 10. d4 exd4 11. exd4 d5 12. c4 Bb4+ 13. Bd2 Qe7+ 14. Be2 Bd6
15. O-O Qxh4 16. Re1 Qh2+ 17. Kf1 Qh1# 0-1

[Event "AUTO-INT-636"]
[Site "http://www.queenalice.com/game.php?id=280290"]
[Date "2007.10.2"]
[Round "1"]
[White "mattbel"]
[Black "caduzao"]
[Result "1-0"]
[WhiteElo "1509"]
[BlackElo "1275"]

1. e4 e5 2. Nf3 Qf6 3. d3 h6 4. Be2 g5 5. O-O g4 6. Nfd2 c6 7. Nc4 h5 8. Be3 b6
9. Qd2 Bc5 10. Bg5 Qe6 11. a3 Be7 12. d4 Bxg5 13. Qxg5 exd4 14. Ne5 f6 15. Qg6+
Ke7 16. Qg7+ Kd6 17. Nc4+ Kc7 18. Qxh8 Ne7 19. Rd1 c5 20. b4 cxb4 21. Rxd4 Nbc6
22. Rd6 Qxe4 23. Kf1 Ba6 24. Nbd2 Qxc2 25. Qxa8 Bb7 26. Qe8 b5 27. Qxd7+ Kb8 28.
Ne3 Qc3 29. Rb1 Bc8 30. Qe8 Qc5 31. Ne4 Qe5 32. Bd3 Qxh2 33. g3 bxa3 34. Ke2 Qh1
35. Rxh1 1-0

[Event "Let's Play Chess!"]
[Site "http://www.queenalice.com/game.php?id=280336"]
[Date "2007.10.2"]
[Round "-"]
[White "caduzao"]
[Black "spawnwolfwolverine"]
[Result "0-1"]
[WhiteElo "1300"]
[BlackElo "1635"]

1. e3 e5 2. Qf3 d6 3. d4 Nc6 4. Nh3 Bxh3 5. Qxh3 Nf6 6. dxe5 dxe5 7. Bb5 Be7 8.
Bxc6+ bxc6 9. f4 exf4 10. exf4 O-O 11. g4 Ne4 12. g5 Re8 13. Nd2 Bb4 14. c3
Nxd2+ 15. Kf2 Bc5+ 16. Kg3 Ne4+ 17. Kf3 Qd3+ 18. Kg4 Nf2+ 19. Kh4 Qxh3# 0-1